Közös teremtés

Elmentve itt :
Bibliográfiai részletek
Szerző: ZZZ
Adatforrás:Meister
Forrásdokumentuma:Helikon. -
2 sz., 1994, 22 p.
Nyelv:magyar
Kulcsszavak:intézménytörténet-interjú
kulturális intézmények
könyvkiadók
Svédország
VERESS T. Magda
Erdélyi Könyv Egylet (Stockholm)
LEADER 00483nab a2200181 i 4500
001 bibPRO00009546
008 060524s1994 xx hun
040 |a Sz1 
041 |a hun 
100 1 |a ZZZ 
245 1 0 |a Közös teremtés  |c ZZZ 
695 |a intézménytörténet-interjú 
695 |a kulturális intézmények 
695 |a könyvkiadók 
695 |a Svédország 
695 |a VERESS T. Magda 
695 |a Erdélyi Könyv Egylet (Stockholm) 
773 0 |t Helikon. -  |g 2 sz., 1994, 22 p.